|
|
|
|
| LEADER |
00000nam a2200000 a 4500 |
| 001 |
UCR1123 |
| 003 |
CL-VaPUC |
| 008 |
971212e19750000SP |||||||||||||||||spa|d |
| 082 |
0 |
4 |
|a 300.72
|b SIE
|2 21
|
| 100 |
0 |
|
|a Sierra Bravo, Restituto
|e author
|9 397980
|
| 245 |
1 |
0 |
|a Técnicas de investigación social: ejercicios y problemas
|
| 300 |
|
|
|a 462 p
|
| 942 |
|
|
|c BK
|
| 945 |
|
|
|d 19971212 00:00:00
|a jquezada
|
| 260 |
|
|
|a Madrid
|b Paraninfo
|c 1975
|
| 650 |
|
0 |
|a Investigación social
|9 307814
|
| 650 |
|
0 |
|a Muestreo
|9 270457
|
| 650 |
|
7 |
|a OBSERVACION
|2 CL-VaPUC
|9 336333
|
| 650 |
|
7 |
|a CUESTIONARIOS
|2 CL-VaPUC
|9 335942
|
| 650 |
|
0 |
|a Entrevistas
|9 265537
|
| 650 |
|
0 |
|a Codificación
|9 258568
|
| 650 |
|
0 |
|a Análisis estadístico
|9 269506
|
| 650 |
|
7 |
|a TABLAS
|2 CL-VaPUC
|9 262082
|
| 583 |
|
|
|a last modification
|c 19971212 00:00:00
|k Rodrigo Vera
|
| 999 |
|
|
|c 264612
|d 264610
|
| 952 |
|
|
|0 0
|1 0
|4 0
|6 300_720000000000000_SIE_1975
|7 0
|8 P
|9 294959
|a BIBGIM
|b BIBGIM
|d 2019-11-19
|i 338005K
|o 300.72 SIE 1975
|p 338005K
|r 2025-01-15
|w 2019-11-19
|y BK
|k GIM
|
| 952 |
|
|
|0 0
|1 0
|4 0
|6 300_720000000000000_SIE_1975
|7 0
|8 P
|9 294960
|a BIBGIM
|b BIBGIM
|d 2019-11-19
|i 3380068
|o 300.72 SIE 1975
|p 3380068
|r 2025-01-15
|w 2019-11-19
|y BK
|k GIM
|